000
00492nam a2200145Ia 4500
008
090123s9999 xx 000 0 und d
082
_b
860
245
_a
व्हिएतनामी युध्द कशीसाठी ?
250
_a
1
300
_a
140
630
_a
व्हिएतनामी युध्द कशीसाठी ?
700
_a
शिखरे मा.प.
730
_a
व्हिएतनामी युध्द कशीसाठी ?
942
_c
BOOK
999
_c
38947
_d
38947